Stupidity of intelligence : (Record no. 209833)

MARC details
000 -LEADER
fixed length control field 00747nam a2200229Ia 4500
005 - DATE AND TIME OF LATEST TRANSACTION
control field 20230921143627.0
008 - FIXED-LENGTH DATA ELEMENTS--GENERAL INFORMATION
fixed length control field 210716s2015 xx 000 0 und d
020 ## - INTERNATIONAL STANDARD BOOK NUMBER
International Standard Book Number 9788120351127
040 ## - CATALOGING SOURCE
Transcribing agency AIMIT LIBRARY
041 ## - LANGUAGE CODE
Language code of text/sound track or separate title eng
082 ## - DEWEY DECIMAL CLASSIFICATION NUMBER
Classification number 374.22
Edition number 1
Item number AWAE
100 ## - MAIN ENTRY--PERSONAL NAME
Personal name Awad, Elias M.
9 (RLIN) 134378
245 ## - TITLE STATEMENT
Title Stupidity of intelligence :
Remainder of title what happened to common sense /
Statement of responsibility, etc. By Elias M Awad.
250 ## - EDITION STATEMENT
Edition statement 1st ed.
260 ## - PUBLICATION, DISTRIBUTION, ETC.
Place of publication, distribution, etc. New Delhi :
Name of publisher, distributor, etc. PHI Learning private limited ,
Date of publication, distribution, etc. 2015.
300 ## - PHYSICAL DESCRIPTION
Extent xi,194p. ;
Other physical details PB
Dimensions 23.5 cm
650 ## - SUBJECT ADDED ENTRY--TOPICAL TERM
Topical term or geographic name entry element General Management
9 (RLIN) 134379
651 ## - SUBJECT ADDED ENTRY--GEOGRAPHIC NAME
Geographic name The dark side of intelligence
9 (RLIN) 134380
651 ## - SUBJECT ADDED ENTRY--GEOGRAPHIC NAME
Geographic name Nothing in excess
9 (RLIN) 134381
651 ## - SUBJECT ADDED ENTRY--GEOGRAPHIC NAME
Geographic name Futility in the unknown
9 (RLIN) 134382
942 ## - ADDED ENTRY ELEMENTS (KOHA)
Source of classification or shelving scheme Dewey Decimal Classification
Koha item type Book
Edition 1st
Call number prefix 374.22 AWAE
Holdings
Withdrawn status Lost status Source of classification or shelving scheme Damaged status Not for loan Collection code Home library Current library Date acquired Cost, normal purchase price Inventory number Total Checkouts Full call number Barcode Date last seen Cost, replacement price Price effective from Koha item type
    Dewey Decimal Classification     MBA St Aloysius Institute of Management & Information Technology St Aloysius Institute of Management & Information Technology 10/15/2016 295.00 Bill no:165; Bill dt:2016-10-03   374.22 AWAE MBA12399 05/23/2026 236.00 07/16/2021 Book
    Dewey Decimal Classification     MBA St Aloysius Institute of Management & Information Technology St Aloysius Institute of Management & Information Technology 10/18/2016 295.00 Bill no:513; Bill dt:2016-10-04   374.22 AWAE MBA12420 05/23/2026 227.15 07/16/2021 Book